000 00425nam a2200181Ia 4500
001 24848
005 20260414151111.0
008 260414t2019||||xx |||||||||||||| ||spa||
041 _aESP
082 _a346
_bJ74
100 _aJosserand, Louis,
_eAUT
245 0 _aIntroducción al derecho civil
_b
260 _c2019
300 _a114 páginas :
_c23 cm.
650 _aDER
654 _aCDE
942 _cLIB
_dJUS
_fJUS
_2ddc
_n
999 _c24848
_d24848